[Event "Chess24 Banter Blitz Cup"]
[Site "chess24.com INT"]
[Date "2020.04.02"]
[Round "5.7"]
[White "Grandelius, Nils"]
[Black "Carlsen, Magnus"]
[Result "0-1"]
[WhiteElo "2691"]
[BlackElo "2876"]
[PlyCount "110"]
[EventDate "2019.09.25"]
[EventType "k.o. (blitz)"]
[EventRounds "7"]
[EventCountry "USA"]
[SourceTitle "CBM 195 Extra"]
[Source "ChessBase"]
[SourceDate "2020.05.31"]
[SourceVersion "1"]
[SourceVersionDate "2020.05.31"]
[SourceQuality "1"]

1. Nf3 Nf6 2. c4 c5 3. Nc3 b6 4. d4 cxd4 5. Nxd4 Bb7 6. Bg5 e6 7. Ndb5 d6 8.
Bxf6 gxf6 9. e4 a6 10. Nd4 Nd7 11. Qh5 Qe7 12. O-O-O O-O-O 13. Kb1 Kb8 14. Be2
f5 15. exf5 Nf6 16. Qh4 e5 17. Nc2 Bxg2 18. Rhg1 Bb7 19. Ne3 h5 20. a3 Bh6 21.
Nc2 Nd5 22. Qxe7 Nxe7 23. f6 Ng8 24. Bxh5 Nxf6 25. Bxf7 Bf4 26. Bd5 Nxd5 27.
cxd5 Rxh2 28. Nb4 Kc7 29. Rg7+ Rd7 30. Rxd7+ Kxd7 31. Rg1 Rh7 32. Rg6 a5 33.
Nd3 Ba6 34. Nxf4 exf4 35. Kc2 Re7 36. Rf6 Bf1 37. Rxf4 b5 38. b4 a4 39. Ne4 Bc4
40. f3 Bxd5 41. Nf6+ Kc6 42. Nxd5 Kxd5 43. Rf5+ Kc4 44. Rf4+ Kd5 45. Rf5+ Kc6
46. Kd3 Re1 47. Rf8 Ra1 48. Rc8+ Kd5 49. Rb8 Rxa3+ 50. Kc2 Kc4 51. f4 Rf3 52.
f5 Rf2+ 53. Kd1 Rxf5 54. Ke2 Kxb4 55. Kd2 Rc5 0-1

[Event "Chess24 Banter Blitz Cup"]
[Site "chess24.com INT"]
[Date "2020.04.02"]
[Round "5.8"]
[White "Carlsen, Magnus"]
[Black "Grandelius, Nils"]
[Result "1-0"]
[WhiteElo "2876"]
[BlackElo "2691"]
[PlyCount "75"]
[EventDate "2019.09.25"]
[EventType "k.o. (blitz)"]
[EventRounds "7"]
[EventCountry "USA"]
[SourceTitle "CBM 195 Extra"]
[Source "ChessBase"]
[SourceDate "2020.05.31"]
[SourceVersion "1"]
[SourceVersionDate "2020.05.31"]
[SourceQuality "1"]

1. d4 Nf6 2. c4 g6 3. Nc3 d5 4. cxd5 Nxd5 5. e4 Nxc3 6. bxc3 Bg7 7. Bc4 c5 8.
Ne2 O-O 9. h4 cxd4 10. cxd4 Nc6 11. Be3 Qa5+ 12. Kf1 b6 13. Rc1 Bb7 14. h5 Rac8
15. f3 Ba6 16. h6 Bh8 17. Bxa6 Qxa6 18. Kf2 Nb4 19. Rxc8 Rxc8 20. Qb3 Nc2 21.
e5 Nxe3 22. Kxe3 e6 23. Rc1 Rxc1 24. Nxc1 Qf1 25. Qc2 Qg1+ 26. Kd3 Kf8 27. Ne2
Qxg2 28. Qc8+ Ke7 29. Qxh8 Qxf3+ 30. Kd2 Qa3 31. Qxh7 Qxa2+ 32. Ke3 Qa3+ 33.
Kf2 Qd3 34. Qg7 Qf5+ 35. Ke3 Qg5+ 36. Kd3 Qf5+ 37. Kd2 Qg5+ 38. Kd1 1-0

[Event "Chess24 Banter Blitz Cup"]
[Site "chess24.com INT"]
[Date "2020.04.02"]
[Round "5.9"]
[White "Grandelius, Nils"]
[Black "Carlsen, Magnus"]
[Result "0-1"]
[WhiteElo "2691"]
[BlackElo "2876"]
[PlyCount "68"]
[EventDate "2019.09.25"]
[EventType "k.o. (blitz)"]
[EventRounds "7"]
[EventCountry "USA"]
[SourceTitle "CBM 195 Extra"]
[Source "ChessBase"]
[SourceDate "2020.05.31"]
[SourceVersion "1"]
[SourceVersionDate "2020.05.31"]
[SourceQuality "1"]

1. Nf3 c5 2. c4 Nc6 3. d4 cxd4 4. Nxd4 Nf6 5. Nc3 g6 6. e4 Nxd4 7. e5 Ne6 8.
exf6 exf6 9. Be2 Bg7 10. O-O O-O 11. Be3 f5 12. Qd2 b6 13. Bf3 Rb8 14. Rfd1 Bb7
15. Nd5 Re8 16. Rac1 Rc8 17. b3 f4 18. Bxf4 Nd4 19. Qd3 Bxd5 20. cxd5 Qf6 21.
Rxc8 Rxc8 22. Bg3 h5 23. h3 h4 24. Bh2 Rc3 25. Qe4 Nxf3+ 26. gxf3 Rxf3 27. Qe8+
Kh7 28. Qxd7 Rxf2 29. Qg4 Rxa2 30. Rf1 Qd4+ 31. Qxd4 Bxd4+ 32. Kh1 Kg7 33. Rd1
Ra1 34. Bc7 Rxd1+ 0-1

[Event "Chess24 Banter Blitz Cup"]
[Site "chess24.com INT"]
[Date "2020.04.02"]
[Round "5.10"]
[White "Carlsen, Magnus"]
[Black "Grandelius, Nils"]
[Result "1-0"]
[WhiteElo "2876"]
[BlackElo "2691"]
[PlyCount "71"]
[EventDate "2019.09.25"]
[EventType "k.o. (blitz)"]
[EventRounds "7"]
[EventCountry "USA"]
[SourceTitle "CBM 195 Extra"]
[Source "ChessBase"]
[SourceDate "2020.05.31"]
[SourceVersion "1"]
[SourceVersionDate "2020.05.31"]
[SourceQuality "1"]

1. d4 Nf6 2. Nc3 d5 3. Bf4 a6 4. e3 e6 5. g4 c5 6. g5 Nfd7 7. Nf3 Nc6 8. h4 b5
9. Ne2 Nb6 10. c3 Bd6 11. h5 Bb7 12. Bh3 Qe7 13. Bxd6 Qxd6 14. dxc5 Qxc5 15. g6
hxg6 16. hxg6 f6 17. Ned4 e5 18. Nf5 Bc8 19. N3h4 Ra7 20. Qf3 Na4 21. Nxg7+
Rxg7 22. Qxf6 Rhg8 23. Bxc8 Nxb2 24. Be6 Qxc3+ 25. Ke2 Qc2+ 26. Kf1 Qd3+ 27.
Ke1 Qc3+ 28. Ke2 Qc4+ 29. Ke1 Nd3+ 30. Kd2 Qb4+ 31. Kxd3 Qc4+ 32. Kd2 Qb4+ 33.
Kd1 Qa4+ 34. Ke1 Qb4+ 35. Kf1 Qc4+ 36. Kg1 1-0

[Event "Chess24 Banter Blitz Cup"]
[Site "chess24.com INT"]
[Date "2020.04.07"]
[Round "6.1"]
[White "Carlsen, Magnus"]
[Black "Sjugirov, Sanan"]
[Result "1-0"]
[WhiteElo "2876"]
[BlackElo "2662"]
[PlyCount "59"]
[EventDate "2019.09.25"]
[EventType "k.o. (blitz)"]
[EventRounds "7"]
[EventCountry "USA"]
[SourceTitle "CBM 195 Extra"]
[Source "ChessBase"]
[SourceDate "2020.05.31"]
[SourceVersion "1"]
[SourceVersionDate "2020.05.31"]
[SourceQuality "1"]

1. e4 c5 2. Nf3 d6 3. d4 cxd4 4. Nxd4 Nf6 5. Nc3 a6 6. Rg1 e5 7. Nb3 Bg4 8. Be2
Be6 9. Be3 Be7 10. g4 b5 11. g5 Nfd7 12. Nd5 Nc5 13. Nxc5 dxc5 14. a4 bxa4 15.
c3 O-O 16. Qxa4 Bxd5 17. exd5 Bd6 18. h4 Nd7 19. h5 Rb8 20. Qg4 e4 21. g6 h6
22. Bxh6 Ne5 23. gxf7+ Rxf7 24. Qe6 Kf8 25. Rxa6 Rb6 26. Rxg7 Rxg7 27. Bxg7+
Kxg7 28. Ra7+ Kh8 29. Qh6+ Kg8 30. Qg7# 1-0

[Event "Chess24 Banter Blitz Cup"]
[Site "chess24.com INT"]
[Date "2020.04.07"]
[Round "6.2"]
[White "Sjugirov, Sanan"]
[Black "Carlsen, Magnus"]
[Result "0-1"]
[WhiteElo "2662"]
[BlackElo "2876"]
[PlyCount "130"]
[EventDate "2019.09.25"]
[EventType "k.o. (blitz)"]
[EventRounds "7"]
[EventCountry "USA"]
[SourceTitle "CBM 195 Extra"]
[Source "ChessBase"]
[SourceDate "2020.05.31"]
[SourceVersion "1"]
[SourceVersionDate "2020.05.31"]
[SourceQuality "1"]

1. e4 e5 2. Nf3 Nc6 3. Bb5 a6 4. Ba4 Nf6 5. d3 Bc5 6. c3 d6 7. Bg5 h6 8. Bh4
Ba7 9. Nbd2 Bd7 10. Nf1 g5 11. Bg3 Nh5 12. Qd2 Nf4 13. Ne3 Bxe3 14. fxe3 Ng6
15. O-O g4 16. Ne1 h5 17. Bb3 Rh7 18. Nc2 h4 19. Be1 Qg5 20. Qe2 O-O-O 21. Bd2
Rf8 22. Nb4 Nce7 23. Nd5 Nxd5 24. Bxd5 Ne7 25. Bb3 Qg6 26. a3 Rhh8 27. Ba2 Kb8
28. b4 h3 29. g3 Be6 30. c4 f5 31. exf5 Bxf5 32. e4 Be6 33. Be3 Nc6 34. Rxf8+
Rxf8 35. Rf1 Rf7 36. Rf2 Nd4 37. Bxd4 exd4 38. Rxf7 Qxf7 39. Qf2 Qxf2+ 40. Kxf2
b5 41. Ke2 c5 42. Kd2 Kc7 43. Bb3 a5 44. bxa5 bxc4 45. dxc4 Kb7 46. Ba4 Bxc4
47. Bd7 Bf1 48. Bxg4 c4 49. Be6 c3+ 50. Kc2 Ka6 51. Bb3 Kxa5 52. Be6 Be2 53. e5
dxe5 54. Bf5 Ka4 55. Be4 Kxa3 56. Bf5 Kb4 57. Be4 d3+ 58. Bxd3 Bxd3+ 59. Kxd3
Kb3 60. Ke3 c2 61. Ke4 c1=Q 62. Kf5 Qc2+ 63. Kf6 Qxh2 64. Kf7 Qg2 65. Kg8 Qf3
0-1

[Event "Chess24 Banter Blitz Cup"]
[Site "chess24.com INT"]
[Date "2020.04.07"]
[Round "6.3"]
[White "Carlsen, Magnus"]
[Black "Sjugirov, Sanan"]
[Result "1-0"]
[WhiteElo "2876"]
[BlackElo "2662"]
[PlyCount "59"]
[EventDate "2019.09.25"]
[EventType "k.o. (blitz)"]
[EventRounds "7"]
[EventCountry "USA"]
[SourceTitle "CBM 195 Extra"]
[Source "ChessBase"]
[SourceDate "2020.05.31"]
[SourceVersion "1"]
[SourceVersionDate "2020.05.31"]
[SourceQuality "1"]

1. e4 c5 2. Nf3 d6 3. d4 cxd4 4. Nxd4 Nf6 5. Nc3 a6 6. Rg1 b5 7. g4 Bb7 8. f3
g6 9. a3 Bg7 10. Be3 Nbd7 11. Qd2 Rc8 12. O-O-O Ne5 13. Be2 Nc4 14. Bxc4 Rxc4
15. Kb1 O-O 16. h4 Nd7 17. h5 Ne5 18. hxg6 fxg6 19. f4 Rxd4 20. Qxd4 Nc4 21.
Qd3 Nxe3 22. Qxe3 a5 23. e5 b4 24. Nd5 bxa3 25. Qxa3 Bxd5 26. Rxd5 Qb6 27. Rgd1
Rxf4 28. exd6 exd6 29. Rxd6 Qf2 30. Qb3+ 1-0

[Event "Chess24 Banter Blitz Cup"]
[Site "chess24.com INT"]
[Date "2020.04.07"]
[Round "6.4"]
[White "Sjugirov, Sanan"]
[Black "Carlsen, Magnus"]
[Result "0-1"]
[WhiteElo "2662"]
[BlackElo "2876"]
[PlyCount "126"]
[EventDate "2019.09.25"]
[EventType "k.o. (blitz)"]
[EventRounds "7"]
[EventCountry "USA"]
[SourceTitle "CBM 195 Extra"]
[Source "ChessBase"]
[SourceDate "2020.05.31"]
[SourceVersion "1"]
[SourceVersionDate "2020.05.31"]
[SourceQuality "1"]

1. e4 c5 2. Nf3 d6 3. d4 cxd4 4. Nxd4 Nf6 5. Nc3 Bd7 6. Bg5 e6 7. Qd2 a6 8.
O-O-O h6 9. Be3 Ng4 10. f4 Nxe3 11. Qxe3 Nc6 12. Bc4 Be7 13. Kb1 Qb6 14. Nce2
Bf6 15. Bb3 O-O-O 16. Qd2 Kb8 17. Rhe1 Na5 18. Nc3 Qxd4 19. Qxd4 Bxd4 20. Rxd4
Nxb3 21. axb3 Bc6 22. Red1 Kc7 23. g3 g5 24. Rf1 Rh7 25. Rd2 Rg8 26. Rdf2 gxf4
27. Rxf4 Rgg7 28. Kc1 Kd7 29. Kd2 h5 30. Rh4 Ke7 31. Ke3 Rg4 32. Rf4 Rg5 33.
Rf2 Rhg7 34. Rhf4 Re5 35. Kd3 a5 36. Ne2 d5 37. exd5 Rxd5+ 38. Rd4 h4 39. Rxd5
Bxd5 40. Ke3 hxg3 41. hxg3 e5 42. Rf5 f6 43. Rh5 Be6 44. Rh8 Bg4 45. Nc3 Bf5
46. Kf2 Bxc2 47. Rb8 Ke6 48. Re8+ Kf5 49. Nd5 Bxb3 50. Ne3+ Ke4 51. Ra8 a4 52.
Rc8 Rd7 53. Ke2 Rd3 54. Ng4 Bd1+ 55. Kf2 Bxg4 56. Rc4+ Rd4 57. Rc3 Rd2+ 58. Ke1
Rxb2 59. Rc4+ Kf3 60. Rxa4 Re2+ 61. Kf1 e4 62. Ra3+ Re3 63. Ra4 Kxg3 0-1

[Event "Chess24 Banter Blitz Cup"]
[Site "chess24.com INT"]
[Date "2020.04.07"]
[Round "6.5"]
[White "Carlsen, Magnus"]
[Black "Sjugirov, Sanan"]
[Result "1-0"]
[WhiteElo "2876"]
[BlackElo "2662"]
[PlyCount "87"]
[EventDate "2019.09.25"]
[EventType "k.o. (blitz)"]
[EventRounds "7"]
[EventCountry "USA"]
[SourceTitle "CBM 195 Extra"]
[Source "ChessBase"]
[SourceDate "2020.05.31"]
[SourceVersion "1"]
[SourceVersionDate "2020.05.31"]
[SourceQuality "1"]

1. d4 d5 2. Bf4 Nf6 3. Nc3 a6 4. e3 e6 5. g4 Bb4 6. Nge2 O-O 7. a3 Be7 8. g5
Nh5 9. h4 c5 10. Bxb8 Rxb8 11. dxc5 Bxc5 12. Nd4 Bxd4 13. Qxd4 g6 14. Be2 Ng7
15. O-O-O Qc7 16. h5 b5 17. h6 Nf5 18. Qf6 Qe7 19. Qe5 Qd6 20. Qxd6 Nxd6 21. e4
b4 22. axb4 Rxb4 23. exd5 Bb7 24. dxe6 Bxh1 25. e7 Re8 26. Rxd6 Rb7 27. Bxa6
Rbxe7 28. b4 Re6 29. Rxe6 Rxe6 30. Bd3 Kf8 31. b5 Ke7 32. Kb2 Kd6 33. Kb3 Re5
34. f4 Re8 35. Kb4 Rf8 36. Na4 f6 37. c4 fxg5 38. c5+ Kd5 39. fxg5 Rf4+ 40. Ka5
Kd4 41. Bxg6 hxg6 42. c6 Rf8 43. Nb6 Kc5 44. Nd7+ 1-0

[Event "Chess24 Banter Blitz Cup"]
[Site "chess24.com INT"]
[Date "2020.04.07"]
[Round "6.6"]
[White "Sjugirov, Sanan"]
[Black "Carlsen, Magnus"]
[Result "0-1"]
[WhiteElo "2662"]
[BlackElo "2876"]
[PlyCount "82"]
[EventDate "2019.09.25"]
[EventType "k.o. (blitz)"]
[EventRounds "7"]
[EventCountry "USA"]
[SourceTitle "CBM 195 Extra"]
[Source "ChessBase"]
[SourceDate "2020.05.31"]
[SourceVersion "1"]
[SourceVersionDate "2020.05.31"]
[SourceQuality "1"]

1. e4 c5 2. Nf3 d6 3. d4 cxd4 4. Nxd4 Nf6 5. Nc3 a6 6. Bg5 e6 7. f4 Qc7 8. Bxf6
gxf6 9. Qd2 h5 10. Be2 b5 11. Bf3 Bb7 12. O-O Nd7 13. f5 e5 14. Nb3 Bh6 15. Qd1
h4 16. Kh1 Rc8 17. a3 Nb6 18. Na5 Ba8 19. Qd3 Ke7 20. Rad1 Bf4 21. h3 Rhd8 22.
Qe2 Na4 23. Nxa4 bxa4 24. Qxa6 Qxc2 25. Rd5 Bxd5 26. exd5 Kf8 27. Nc6 Re8 28.
Qb7 Qd3 29. Rd1 Qb3 30. Qd7 Kg7 31. Qxd6 Bg3 32. Qd7 e4 33. Bh5 Rf8 34. Nd4
Qxb2 35. Ne6+ Kh6 36. Nxf8 Rxf8 37. Qe7 Kg7 38. Bg4 Qe5 39. Qb4 e3 40. Be2 Rd8
41. Qf4 Qxf4 0-1

[Event "Chess24 Banter Blitz Cup"]
[Site "chess24.com INT"]
[Date "2020.04.07"]
[Round "6.7"]
[White "Carlsen, Magnus"]
[Black "Sjugirov, Sanan"]
[Result "1-0"]
[WhiteElo "2876"]
[BlackElo "2662"]
[PlyCount "71"]
[EventDate "2019.09.25"]
[EventType "k.o. (blitz)"]
[EventRounds "7"]
[EventCountry "USA"]
[SourceTitle "CBM 195 Extra"]
[Source "ChessBase"]
[SourceDate "2020.05.31"]
[SourceVersion "1"]
[SourceVersionDate "2020.05.31"]
[SourceQuality "1"]

1. e4 c5 2. Nf3 d6 3. d4 cxd4 4. Nxd4 Nf6 5. Nc3 a6 6. Rg1 e5 7. Nb3 h5 8. h3
Be6 9. Be3 d5 10. exd5 Nxd5 11. Nxd5 Qxd5 12. Qxd5 Bxd5 13. O-O-O Be6 14. Na5
Nc6 15. Nxb7 Nb4 16. Nd6+ Bxd6 17. Rxd6 Nxa2+ 18. Kb1 Nb4 19. Bc5 Rb8 20. c3
Bf5+ 21. Ka1 Nc2+ 22. Ka2 Rh6 23. Rxh6 gxh6 24. Bc4 a5 25. Rd1 f6 26. Bb3 Rc8
27. Bb6 a4 28. Bxa4+ Kf7 29. Rd8 Be6+ 30. Kb1 Rxd8 31. Bxd8 Ne1 32. Bc6 Nd3 33.
Bb6 f5 34. b4 e4 35. h4 f4 36. Bxe4 1-0

[Event "Chess24 Banter Blitz Cup"]
[Site "chess24.com INT"]
[Date "2020.04.07"]
[Round "6.8"]
[White "Sjugirov, Sanan"]
[Black "Carlsen, Magnus"]
[Result "0-1"]
[WhiteElo "2662"]
[BlackElo "2876"]
[PlyCount "48"]
[EventDate "2019.09.25"]
[EventType "k.o. (blitz)"]
[EventRounds "7"]
[EventCountry "USA"]
[SourceTitle "CBM 195 Extra"]
[Source "ChessBase"]
[SourceDate "2020.05.31"]
[SourceVersion "1"]
[SourceVersionDate "2020.05.31"]
[SourceQuality "1"]

1. e4 e5 2. Nf3 Nc6 3. Bb5 a6 4. Ba4 Nf6 5. O-O b5 6. Bb3 Bb7 7. d3 Bc5 8. c3
d6 9. Nbd2 h6 10. Re1 Bb6 11. Nf1 Ne7 12. Ng3 Ng6 13. a4 O-O 14. h3 Re8 15. Nf5
d5 16. axb5 axb5 17. Rxa8 Bxa8 18. Bxh6 gxh6 19. Qd2 Nf4 20. Nxe5 N6h5 21.
Nxh6+ Kf8 22. Nhxf7 Qh4 23. d4 Rxe5 24. dxe5 Qg3 0-1

[Event "Chess24 Banter Blitz Cup"]
[Site "chess24.com INT"]
[Date "2020.04.07"]
[Round "6.9"]
[White "Carlsen, Magnus"]
[Black "Sjugirov, Sanan"]
[Result "1-0"]
[WhiteElo "2876"]
[BlackElo "2662"]
[PlyCount "55"]
[EventDate "2019.09.25"]
[EventType "k.o. (blitz)"]
[EventRounds "7"]
[EventCountry "USA"]
[SourceTitle "CBM 195 Extra"]
[Source "ChessBase"]
[SourceDate "2020.05.31"]
[SourceVersion "1"]
[SourceVersionDate "2020.05.31"]
[SourceQuality "1"]

1. e4 e5 2. Nf3 Nc6 3. Bc4 Bc5 4. b4 Bxb4 5. c3 Be7 6. d4 Na5 7. Be2 d5 8. Qa4+
c6 9. dxe5 b5 10. Qc2 Nh6 11. Bxh6 gxh6 12. Nbd2 Be6 13. O-O O-O 14. Nd4 Qc7
15. f4 dxe4 16. Nxe4 c5 17. Nxb5 Qc6 18. Nbd6 f5 19. Ng3 Bxd6 20. Bf3 Bd5 21.
Bxd5+ Qxd5 22. Rad1 Qf7 23. Rxd6 Nc4 24. Rf6 Qd7 25. Qe2 Rxf6 26. exf6 Nd6 27.
Rd1 Rd8 28. Qe7 1-0

[Event "Chess24 Banter Blitz Cup"]
[Site "chess24.com INT"]
[Date "2020.04.15"]
[Round "7.1"]
[White "Carlsen, Magnus"]
[Black "Firouzja, Alireza"]
[Result "0-1"]
[WhiteElo "2876"]
[BlackElo "2702"]
[PlyCount "134"]
[EventDate "2019.09.25"]
[EventType "k.o. (blitz)"]
[EventRounds "7"]
[EventCountry "USA"]
[SourceTitle "CBM 195 Extra"]
[Source "ChessBase"]
[SourceDate "2020.05.31"]
[SourceVersion "1"]
[SourceVersionDate "2020.05.31"]
[SourceQuality "1"]

1. d4 Nf6 2. Nf3 d5 3. c4 e6 4. Nc3 Bb4 5. cxd5 exd5 6. Bg5 O-O 7. e3 h6 8. Bh4
Bf5 9. Qb3 Bxc3+ 10. Qxc3 g5 11. Bg3 Ne4 12. Qa3 Nc6 13. Bb5 Ne7 14. Nd2 c6 15.
Bd3 Nxd2 16. Kxd2 Bxd3 17. Qxd3 Qa5+ 18. Ke2 f5 19. Bd6 Rae8 20. g4 Rf6 21. Be5
Ng6 22. h4 Nxe5 23. dxe5 Rxe5 24. hxg5 hxg5 25. Rh5 Qb4 26. Rxg5+ Kf7 27. b3
Qf4 28. Qxf5 Qxg5 29. Qxg5 Rxg5 30. Rg1 Rg8 31. f4 Re6 32. Kd3 Rge8 33. Rg3 Re4
34. Rh3 Kg7 35. g5 d4 36. exd4 Rxf4 37. Kc3 Rd8 38. Re3 Rd7 39. Rd3 Rg4 40. Kc4
Rxg5 41. Kc3 Rgd5 42. Rg3+ Kf7 43. Rg4 Ke7 44. Re4+ Kd8 45. Rh4 Kc7 46. a4 b6
47. Kc4 Kb7 48. Kc3 a5 49. Re4 b5 50. axb5 cxb5 51. Kd3 R5d6 52. Kc3 Kb6 53.
Kd3 a4 54. bxa4 bxa4 55. Kc4 a3 56. Kb3 Rxd4 57. Re1 Rd3+ 58. Ka2 Kb5 59. Rb1+
Ka4 60. Rc1 Rd2+ 61. Ka1 Kb3 62. Rb1+ Rb2 63. Rc1 Ra2+ 64. Kb1 Rad2 65. Ka1 Rd1
66. Rb1+ Rxb1+ 67. Kxb1 Rd1# 0-1

[Event "Chess24 Banter Blitz Cup"]
[Site "chess24.com INT"]
[Date "2020.04.15"]
[Round "7.2"]
[White "Firouzja, Alireza"]
[Black "Carlsen, Magnus"]
[Result "1/2-1/2"]
[WhiteElo "2702"]
[BlackElo "2876"]
[PlyCount "103"]
[EventDate "2019.09.25"]
[EventType "k.o. (blitz)"]
[EventRounds "7"]
[EventCountry "USA"]
[SourceTitle "CBM 195 Extra"]
[Source "ChessBase"]
[SourceDate "2020.05.31"]
[SourceVersion "1"]
[SourceVersionDate "2020.05.31"]
[SourceQuality "1"]

1. e4 Nf6 2. e5 Nd5 3. d4 d6 4. Nf3 dxe5 5. Nxe5 g6 6. Be2 Bg7 7. O-O O-O 8. c3
c5 9. Bf3 cxd4 10. Qxd4 Nc6 11. Nxc6 bxc6 12. Qh4 e5 13. Qxd8 Rxd8 14. Na3 f5
15. Bg5 Re8 16. Rad1 h6 17. Bc1 Ba6 18. Rfe1 e4 19. Be2 Bxe2 20. Rxe2 Kf7 21.
Nc4 Rad8 22. Ree1 Re6 23. Be3 Rd7 24. Bc5 Bf8 25. Bxf8 Kxf8 26. f3 Ke7 27. Kf2
exf3 28. Rxe6+ Kxe6 29. Kxf3 Nf6 30. Rxd7 Nxd7 31. Ke3 g5 32. b4 Kd5 33. Na5
f4+ 34. Ke2 Ne5 35. Nb3 g4 36. Nd4 Ke4 37. a4 f3+ 38. gxf3+ gxf3+ 39. Kf2 Kd3
40. b5 cxb5 41. axb5 Ke4 42. h3 Nd3+ 43. Kg3 f2 44. Kg2 Kd5 45. Nc6 Kc5 46.
Nxa7 Nf4+ 47. Kxf2 Nxh3+ 48. Ke3 Ng5 49. Nc6 Kxb5 50. Nd4+ Kc4 51. Nf5 Kxc3 52.
Nxh6 1/2-1/2

[Event "Chess24 Banter Blitz Cup"]
[Site "chess24.com INT"]
[Date "2020.04.15"]
[Round "7.3"]
[White "Carlsen, Magnus"]
[Black "Firouzja, Alireza"]
[Result "1-0"]
[WhiteElo "2876"]
[BlackElo "2702"]
[PlyCount "67"]
[EventDate "2019.09.25"]
[EventType "k.o. (blitz)"]
[EventRounds "7"]
[EventCountry "USA"]
[SourceTitle "CBM 195 Extra"]
[Source "ChessBase"]
[SourceDate "2020.05.31"]
[SourceVersion "1"]
[SourceVersionDate "2020.05.31"]
[SourceQuality "1"]

1. e4 e5 2. Nf3 Nc6 3. Bb5 a6 4. Ba4 Nf6 5. d3 b5 6. Bb3 Bc5 7. c3 d6 8. Bg5 h6
9. Bh4 Bb6 10. Nbd2 Rb8 11. Nf1 Ne7 12. Bxf6 gxf6 13. Nh4 Be6 14. Qh5 Kd7 15.
Ne3 Qg8 16. g3 Qg5 17. Qe2 a5 18. Nf3 Qg6 19. Nh4 Qg5 20. d4 exd4 21. cxd4 Bxd4
22. Nf3 Qc5 23. O-O Bxe3 24. fxe3 a4 25. Rac1 Qb4 26. Bxe6+ fxe6 27. Nd4 c5 28.
a3 Qa5 29. Rxf6 cxd4 30. Qg4 Qd2 31. Qxe6+ Ke8 32. Rc7 Qxe3+ 33. Kg2 Rh7 34.
Qd7# 1-0

[Event "Chess24 Banter Blitz Cup"]
[Site "chess24.com INT"]
[Date "2020.04.15"]
[Round "7.4"]
[White "Firouzja, Alireza"]
[Black "Carlsen, Magnus"]
[Result "1-0"]
[WhiteElo "2702"]
[BlackElo "2876"]
[PlyCount "105"]
[EventDate "2019.09.25"]
[EventType "k.o. (blitz)"]
[EventRounds "7"]
[EventCountry "USA"]
[SourceTitle "CBM 195 Extra"]
[Source "ChessBase"]
[SourceDate "2020.05.31"]
[SourceVersion "1"]
[SourceVersionDate "2020.05.31"]
[SourceQuality "1"]

1. e4 Nf6 2. e5 Nd5 3. d4 d6 4. Nf3 dxe5 5. Nxe5 g6 6. Bd3 Bg7 7. O-O O-O 8.
Re1 Nd7 9. Nf3 c5 10. c4 Nb4 11. d5 b5 12. Be4 Nf6 13. a3 Nxe4 14. axb4 Nd6 15.
bxc5 Nxc4 16. Nc3 b4 17. Na4 e6 18. d6 Bb7 19. Bg5 Bxf3 20. Qc1 f6 21. gxf3
Nxd6 22. cxd6 fxg5 23. Rxe6 Rc8 24. Qd1 Qa5 25. Qb3 Kh8 26. Rd1 Qf5 27. d7 Rcd8
28. Qd5 Qf4 29. Qe4 Qc7 30. Qc6 Qxc6 31. Rxc6 Bf6 32. b3 Be7 33. Re6 Rf7 34.
Rd5 Kg7 35. Ra6 Bf8 36. Rxa7 Kf6 37. Ra6+ Kg7 38. Nb6 Rf6 39. Ra8 Be7 40. Rxd8
Bxd8 41. Nc8 Rc6 42. Rd3 Rc1+ 43. Kg2 Rc3 44. Rd4 Rxb3 45. Nd6 Rc3 46. Nb7 Bf6
47. d8=Q Bxd8 48. Nxd8 b3 49. Ne6+ Kf6 50. Nc7 Ke5 51. Re4+ Kd6 52. Nb5+ Kc5
53. Nxc3 1-0

[Event "Chess24 Banter Blitz Cup"]
[Site "chess24.com INT"]
[Date "2020.04.15"]
[Round "7.5"]
[White "Carlsen, Magnus"]
[Black "Firouzja, Alireza"]
[Result "1-0"]
[WhiteElo "2876"]
[BlackElo "2702"]
[PlyCount "53"]
[EventDate "2019.09.25"]
[EventType "k.o. (blitz)"]
[EventRounds "7"]
[EventCountry "USA"]
[SourceTitle "CBM 195 Extra"]
[Source "ChessBase"]
[SourceDate "2020.05.31"]
[SourceVersion "1"]
[SourceVersionDate "2020.05.31"]
[SourceQuality "1"]

1. e4 e5 2. Nf3 Nc6 3. Bb5 a6 4. Ba4 Nf6 5. d3 d6 6. c3 g6 7. O-O Bg7 8. Re1
O-O 9. Nbd2 Bd7 10. Nf1 Qe8 11. Ng3 Nd4 12. cxd4 Bxa4 13. b3 Bb5 14. a4 Bd7 15.
dxe5 Ng4 16. d4 dxe5 17. h3 Nh6 18. dxe5 Rd8 19. Bg5 f6 20. exf6 Bxf6 21. Bxh6
Bxa1 22. Qxa1 Rf7 23. Ng5 Re7 24. e5 Bc6 25. N3e4 Bxe4 26. Nxe4 Qc6 27. e6 1-0

[Event "Chess24 Banter Blitz Cup"]
[Site "chess24.com INT"]
[Date "2020.04.15"]
[Round "7.7"]
[White "Carlsen, Magnus"]
[Black "Firouzja, Alireza"]
[Result "0-1"]
[WhiteElo "2876"]
[BlackElo "2702"]
[PlyCount "94"]
[EventDate "2019.09.25"]
[EventType "k.o. (blitz)"]
[EventRounds "7"]
[EventCountry "USA"]
[SourceTitle "CBM 195 Extra"]
[Source "ChessBase"]
[SourceDate "2020.05.31"]
[SourceVersion "1"]
[SourceVersionDate "2020.05.31"]
[SourceQuality "1"]

1. e4 c5 2. Nf3 e6 3. g3 Nc6 4. Bg2 Nf6 5. d3 d5 6. Qe2 Be7 7. e5 Nd7 8. c4 Qc7
9. cxd5 exd5 10. Nc3 Nb6 11. Bf4 Be6 12. h4 Qd7 13. O-O h6 14. Qd2 O-O-O 15. a4
a5 16. Nb5 g5 17. hxg5 hxg5 18. Nxg5 Bxg5 19. Bxg5 Bh3 20. f4 Bxg2 21. Qxg2
Rdg8 22. Bf6 Rh6 23. Kf2 Rhg6 24. Bh4 Kb8 25. Rac1 Nb4 26. Qf3 Nxa4 27. Nd6
Nxb2 28. Rc3 Rxd6 29. exd6 Qxd6 30. Rb3 Na4 31. Ra1 b5 32. Qe2 c4 33. dxc4 dxc4
34. Re3 Nc5 35. Rxa5 Ncd3+ 36. Kf1 Qc6 37. Qf3 Nd5 38. Rxd3 cxd3 39. Qxd3 Nc7
40. Kf2 Qb6+ 41. Kg2 Qxa5 42. Bf6 Qa8+ 43. Kf2 Qc6 44. Be5 Kb7 45. Qb3 Nd5 46.
Qa3 Rc8 47. Qf3 Qc2+ 0-1

[Event "Chess24 Banter Blitz Cup"]
[Site "chess24.com INT"]
[Date "2020.04.15"]
[Round "7.8"]
[White "Firouzja, Alireza"]
[Black "Carlsen, Magnus"]
[Result "0-1"]
[WhiteElo "2702"]
[BlackElo "2876"]
[PlyCount "134"]
[EventDate "2019.09.25"]
[EventType "k.o. (blitz)"]
[EventRounds "7"]
[EventCountry "USA"]
[SourceTitle "CBM 195 Extra"]
[Source "ChessBase"]
[SourceDate "2020.05.31"]
[SourceVersion "1"]
[SourceVersionDate "2020.05.31"]
[SourceQuality "1"]

1. e4 Nf6 2. e5 Nd5 3. d4 d6 4. Nf3 dxe5 5. Nxe5 g6 6. Bd3 Bg7 7. O-O O-O 8.
Re1 Nd7 9. Nf3 c5 10. c4 Nb4 11. d5 Nxd3 12. Qxd3 b5 13. cxb5 Nb6 14. Nc3 Bb7
15. Bg5 Nxd5 16. Na4 Rc8 17. Bxe7 c4 18. Qe4 Qxe7 19. Qxe7 Nxe7 20. Rxe7 Bxf3
21. gxf3 Rb8 22. Rc1 Rxb5 23. Rxc4 a5 24. b3 Rg5+ 25. Kf1 Rh5 26. Kg2 Rg5+ 27.
Kf1 Rh5 28. h4 Bf6 29. Ree4 Rd8 30. Ke2 Rhd5 31. Rc2 Rh5 32. Rcc4 Kg7 33. Rc5
Rdd5 34. Rxd5 Rxd5 35. Nb6 Rh5 36. Nc4 Bxh4 37. Re8 Rg5 38. Kf1 Rd5 39. Ra8 Bd8
40. Ne3 Rd7 41. Nc4 Rd5 42. Ne3 Rd4 43. Nc4 h5 44. Nxa5 h4 45. Nc6 Rd1+ 46. Kg2
Bb6 47. Ra6 Bc5 48. b4 Bd6 49. b5 Rd2 50. Ra4 Bc5 51. Rxh4 Rxf2+ 52. Kh3 Rxa2
53. Rc4 Bb6 54. Ne5 Rb2 55. Rc6 Rxb5 56. Nc4 Bd4 57. Nd6 Rd5 58. Ne4 Kh6 59.
Rc7 f5 60. Ng3 Be5 61. Rb7 Rd3 62. Kg2 Rd2+ 63. Kh3 Rf2 64. Rb3 Kg5 65. Ra3 Kf4
66. Nh1 Rxf3+ 67. Ng3 Rxa3 0-1